000
00189 a2200097 4500
020
_a
9781575651521
041
_a
spa
100
_a
Kassirer, Sue
245
_a
942
_c
BK
999
_c
13044
_d
13044